Riconosci il Pokémon - Quiz n°280 - Statistics

Statistiche generali
  • Questo quiz è stato fatto 1 volte
  • Il punteggio medio è 7 su 10
Statistiche sulle risposte
Indizio Risposta % Corretto
Altezza 0,4 m
100%
Tasso di cattura 190 (35.2%)
100%
Sesso 50% ♂, 50% ♀
100%
Tipo Acqua / Terra
100%
Stadio evoluzione Forma Base
100%
Abilità Indifferenza; Presagio; Idratazione
100%
Generazione Terza
100%
Peso 1,9 kg
0%
Pokémon Barboach
0%
Tasso di allevamento Medio-Veloce
0%
Nessun quiz corrispondente trovato
Distribuzione punteggi
Percentuale di utenti per punteggio
Percentile per numero di risposta
I tuoi punteggi nel tempo
Non hai fatto questo quiz